Al-Kashi : perintis ilmu pecahan

Bibliographic Details
Main Author: Fayyad, Sulayman
Format: Book
Published: Kuala Lumpur : Dewan Bahasa Dan Pustaka , 2002
Series:Siri tokoh cendekiawan Islam
Subjects:

MARC

LEADER 00000cam a2200000 7i4500
001 0000070708
005 20040319.0
020 |a 9836272461 
090 0 0 |a 297   |b FAY 
100 1 |a Fayyad, Sulayman 
245 1 0 |a Al-Kashi :   |b perintis ilmu pecahan   |c Sulayman Fayyad 
260 |a Kuala Lumpur :   |b Dewan Bahasa Dan Pustaka ,   |c 2002 
300 |a 42p. :   |b ill. ;   |c 23cm. 
490 0 |a Siri tokoh cendekiawan Islam 
650 0 0 |a Biography   |x Juvenile literature 
999 |a 00157124   |b BUKU   |c JUNIOR BOOKS   |e PERPUSTAKAAN KOMUNITI PETALING JAYA